| 000 | 00605nam a2200217 i 4500 | ||
|---|---|---|---|
| 001 | 21855 | ||
| 003 | BD-RjUL | ||
| 005 | 20211209000734.0 | ||
| 008 | 140305s1964 ii f 00100beng d | ||
| 035 | _a(BD-RjUL)21920 | ||
| 035 | _a(BD-RjUL) | ||
| 040 |
_aBD-RjUL _beng _cBD-RjUL _dBD-RjUL |
||
| 041 | _aeng | ||
| 082 |
_a891.4 _bGOM |
||
| 100 | 1 |
_aGopal, Madan. _967479 |
|
| 245 | 1 | 0 |
_aMunshi Premchand : _ba literary biography / _cMadan Gopal. |
| 260 | 0 |
_aBombay : _bAsia Publishing, _c1964. |
|
| 300 |
_axvi, 462 p. : _bplates ; _c23 cm. |
||
| 600 | 0 | 0 |
_aPremacanda, _d1881-1936. _966552 |
| 942 |
_2ddc _cBK |
||
| 999 |
_c21855 _d21855 |
||